The role of human sacrifice in the ancient Near East /

محفوظ في:

المؤلف الرئيسي: Green, Alberto Ravinell Whitney (مؤلف)

التنسيق: كتاب

اللغة: English

سلاسل: Dissertation series ; 1.

الموضوعات:

الوسوم: إضافة وسم

لا توجد وسوم, كن أول من يضع وسما على هذه التسجيلة!

رقم الطلب: BL570 .G8 1975

LEADER 01085namaa2200301 4500
001 21880
003 OSt
005 20210904094636.0
008 130303s1975 mtu g b 000 0 eng d
952 |0 0  |1 0  |2 lcc  |4 0  |6 BL0570 G8 01975  |7 1  |9 18385  |a ARCE  |b ARCE  |d 2021-09-04  |l 0  |o BL570 .G8 1975  |p 1015905  |r 2021-09-04 00:00:00  |w 2021-09-04  |y BK 
999 |c 21492  |d 21492 
010 |a 75043709 
020 |a 0891300694 
040 |c ARCE Library 
043 |a aw----- 
050 0 4 |a BL570 .G8 1975 
100 1 |a Green, Alberto Ravinell Whitney,   |e author 
245 1 4 |a The role of human sacrifice in the ancient Near East /  |c By Alberto Ravinell Whitney Green. 
264 1 |a Missoula, Montana :  |b [Published by Scholars Press for the American Schools of Oriental Research],  |c c1975. 
300 |a xvi, 383 pages ;  |c 22 cm. 
490 1 |a Dissertation series ;   |v 1. 
504 |a Bibliography : pages 361-383. 
555 |a wafaa.lib 
650 0 |a Human sacrifice  |z Middle East. 
650 0 |a Rites and ceremonies  |z Middle East. 
830 0 |a Dissertation series ;   |v 1. 
901 |a reviewed 
942 |c BK  |2 lcc